[Event "Online Olym Div2 D 2021"]
[Site "chess.com INT"]
[Date "2021.09.04"]
[Round "8.1"]
[Board "1"]
[White "Karim, Ismael"]
[Black "Fier, Alexandr"]
[Result "0-1"]
[WhiteTitle "IM"]
[BlackTitle "GM"]
[WhiteElo "2351"]
[BlackElo "2564"]
[WhiteTeam "Morocco"]
[BlackTeam "Brazil"]
[WhiteFideId "625736"]
[BlackFideId "2107139"]
[EventDate "2021.09.02"]
[EventType "team"]

1. e4 c5 2. Nf3 e6 3. c4 Nc6 4. d4 cxd4 5. Nxd4 Nf6 6. Nc3 Bb4 7. Nxc6 bxc6 8.
Bd3 e5 9. O-O d6 10. h3 Bc5 11. Re1 O-O 12. Be3 Bxe3 13. Rxe3 Be6 14. Be2 Qc7
15. b3 Rfd8 16. Rd3 a5 17. Bf3 Ne8 18. Qd2 Rdb8 19. Bg4 Qc8 20. Qe2 g6 21. Bxe6
Qxe6 22. Rad1 Rb4 23. Qe3 Qe7 24. c5 dxc5 25. Rd7 Qf8 26. Na4 Rd4 27. Qc3 Nf6
28. R7xd4 cxd4 29. Qxc6 Kg7 30. Nb6 Re8 31. Nc4 Qb4 32. f3 Qc3 33. Qb5 Qc2 34.
Rd2 Qc1+ 35. Kh2 h5 36. Qxa5 h4 37. Qa3 Qe1 38. Qb2 Nh5 39. Re2 Qg3+ 40. Kh1 Nf4
41. Rf2 Nd3 0-1

[Event "Online Olym Div2 D 2021"]
[Site "chess.com INT"]
[Date "2021.09.04"]
[Round "8.1"]
[Board "2"]
[White "Diamant, Andre"]
[Black "Ali, Sebbar"]
[Result "0-1"]
[WhiteTitle "GM"]
[BlackTitle "IM"]
[WhiteElo "2542"]
[BlackElo "2399"]
[WhiteTeam "Brazil"]
[BlackTeam "Morocco"]
[WhiteFideId "2108356"]
[BlackFideId "8100977"]
[EventDate "2021.09.02"]
[EventType "team"]

1. e4 c5 2. Nf3 Nc6 3. d4 cxd4 4. Nxd4 g6 5. c4 Nf6 6. Nc3 d6 7. Be2 Nxd4 8.
Qxd4 Bg7 9. Bg5 O-O 10. Qd2 Be6 11. Rc1 Qa5 12. f3 Rfc8 13. b3 a6 14. Na4 Qc7
15. O-O Rab8 16. Kh1 Qd8 17. Nc3 Qa5 18. f4 b5 19. f5 b4 20. fxe6 bxc3 21. exf7+
Kxf7 22. Qxc3 Qxg5 23. e5 dxe5 24. c5 Kg8 25. Bxa6 Rc6 26. Qc4+ Kh8 27. b4 Ng4
28. b5 Ne3 29. Qe2 Nxf1 30. Qxf1 Rc7 31. c6 e4 32. Re1 Rf8 33. Qc4 Qf4 34. Qe2
Bc3 35. Rd1 Be5 36. g3 Qf3+ 37. Qxf3 exf3 38. Bb7 Bd4 39. Rxd4 f2 40. Rd1 f1=Q+
41. Rxf1 Rxf1+ 42. Kg2 Rb1 43. a4 Kg7 44. Kf3 Kf6 45. Ke4 Ke6 46. Kd3 Kd5 47.
Kc3 Kc5 48. Ba6 Rb4 0-1

[Event "Online Olym Div2 D 2021"]
[Site "chess.com INT"]
[Date "2021.09.04"]
[Round "8.1"]
[Board "3"]
[White "Mayar ElIdrissi, Firdaous"]
[Black "Librelato, Kathie Goulart"]
[Result "0-1"]
[BlackTitle "WIM"]
[WhiteElo "1760"]
[BlackElo "2165"]
[WhiteTeam "Morocco"]
[BlackTeam "Brazil"]
[WhiteFideId "9001727"]
[BlackFideId "2153963"]
[EventDate "2021.09.02"]
[EventType "team"]

1. d4 Nf6 2. Bf4 g6 3. Nc3 d5 4. Qd2 Bg7 5. Nf3 O-O 6. Bh6 Nc6 7. Bxg7 Kxg7 8.
e3 Bf5 9. O-O-O a5 10. h3 a4 11. g4 Ne4 12. Nxe4 Bxe4 13. Be2 Na5 14. h4 Nc4 15.
Qe1 Qd6 16. Rh3 Qc6 17. Qc3 b5 18. Bxc4 Bxf3 19. Rxf3 bxc4 20. g5 Kg8 21. Rh1
Rfb8 22. h5 Rb6 23. hxg6 Qxg6 24. Rh6 Qe4 25. Rhh3 Rab8 26. Rf4 Qg2 27. Rg3 Qf1+
28. Kd2 Rxb2 29. Qa3 Rb1 0-1

[Event "Online Olym Div2 D 2021"]
[Site "chess.com INT"]
[Date "2021.09.04"]
[Round "8.1"]
[Board "4"]
[White "Chang, Suzana"]
[Black "Zahid, Wassima"]
[Result "1-0"]
[WhiteTitle "WFM"]
[WhiteElo "2034"]
[BlackElo "1531"]
[WhiteTeam "Brazil"]
[BlackTeam "Morocco"]
[WhiteFideId "2105985"]
[BlackFideId "9002677"]
[EventDate "2021.09.02"]
[EventType "team"]

1. c4 Nf6 2. Nc3 g6 3. g3 Bg7 4. Bg2 O-O 5. d3 d6 6. Nf3 c5 7. O-O Nc6 8. a3 Bd7
9. Rb1 a6 10. b4 Rb8 11. bxc5 dxc5 12. Bf4 Re8 13. Bc7 Qxc7 14. Nd2 Nd4 15. e3
Nf5 16. Qc2 Bc6 17. Nf3 e5 18. e4 Nd4 19. Nxd4 cxd4 20. Nd5 Bxd5 21. exd5 Red8
22. a4 Nxd5 23. Qb3 Nc3 24. Rbe1 b5 25. axb5 axb5 26. cxb5 Rxb5 27. Qa3 Qa5 28.
Qe7 Rb2 29. f4 Rdb8 30. fxe5 R2b7 31. Bxb7 Rxb7 32. Qxb7 Qa2 33. e6 1-0

[Event "Online Olym Div2 D 2021"]
[Site "chess.com INT"]
[Date "2021.09.04"]
[Round "8.1"]
[Board "6"]
[White "De Freitas, Isabella Ribeiro Conti"]
[Black "Makhlouf, Ahlam"]
[Result "1-0"]
[BlackTitle "WFM"]
[WhiteElo "1909"]
[BlackElo "1419"]
[WhiteTeam "Brazil"]
[BlackTeam "Morocco"]
[WhiteFideId "2173328"]
[BlackFideId "9003380"]
[EventDate "2021.09.02"]
[EventType "team"]

1. c4 e5 2. g3 Nf6 3. Bg2 c6 4. Nf3 e4 5. Nd4 d5 6. cxd5 cxd5 7. O-O Nc6 8. Nb3
Be7 9. d3 O-O 10. Nc3 Bf5 11. dxe4 dxe4 12. Bg5 Re8 13. Nd2 Qd4 14. Nb3 Qc4 15.
Rc1 Rad8 16. Qe1 Qe6 17. Nb5 Qe5 18. Bxf6 Bxf6 19. Rc5 Qe6 20. Nc7 Qc8 21. Nxe8
Rxe8 22. Qc1 Bh3 23. Na5 Bd4 24. Rc4 Bxg2 25. Kxg2 Qf5 26. Nxc6 bxc6 27. Rxd4
Qe5 28. Qxc6 e3 29. f3 Rb8 30. Re4 Qxb2 31. Re8+ 1-0

[Event "Online Olym Div2 D 2021"]
[Site "chess.com INT"]
[Date "2021.09.04"]
[Round "8.2"]
[Board "1"]
[White "Rodriguez Vila, Andres"]
[Black "Cawdery, Daniel"]
[Result "1-0"]
[WhiteTitle "GM"]
[BlackTitle "IM"]
[WhiteElo "2484"]
[BlackElo "2419"]
[WhiteTeam "Uruguay"]
[BlackTeam "South Africa"]
[WhiteFideId "3000010"]
[BlackFideId "14300249"]
[EventDate "2021.09.02"]
[EventType "team"]

1. d4 Nf6 2. Nc3 d5 3. Bf4 g6 4. Qd2 Bg7 5. Bh6 O-O 6. O-O-O c5 7. Bxg7 Kxg7 8.
dxc5 Qa5 9. Nxd5 Qxa2 10. Qc3 Be6 11. e4 Nc6 12. Bc4 Qa1+ 13. Kd2 Qa4 14. Nf3
Na5 15. Bd3 Bxd5 16. exd5 Kg8 17. Ra1 Qf4+ 18. Ke2 b6 19. g3 Qg4 20. h3 Qd7 21.
d6 Nb7 22. Ne5 Qe6 23. Bc4 Qf5 24. dxe7 Rfe8 25. Bxf7+ Kg7 26. Bxe8 Rxe8 27. Ng4
Qe4+ 28. Kd2 Qd5+ 29. Qd3 Qxc5 30. Nxf6 Qxf2+ 31. Kc1 Qxf6 32. Qc3 a5 33. Re1
Nc5 34. Ra3 1-0

[Event "Online Olym Div2 D 2021"]
[Site "chess.com INT"]
[Date "2021.09.04"]
[Round "8.2"]
[Board "2"]
[White "Masiya, Mfundo"]
[Black "Roselli Mailhe, Bernardo"]
[Result "0-1"]
[BlackTitle "IM"]
[WhiteElo "1944"]
[BlackElo "2430"]
[WhiteTeam "South Africa"]
[BlackTeam "Uruguay"]
[WhiteFideId "14321114"]
[BlackFideId "3000028"]
[EventDate "2021.09.02"]
[EventType "team"]

1. e4 c5 2. Nf3 e6 3. c3 Nc6 4. Bb5 Nge7 5. O-O a6 6. Ba4 b5 7. Bc2 Bb7 8. Re1
Ng6 9. d4 cxd4 10. cxd4 Nb4 11. Bb3 d5 12. e5 Be7 13. Nc3 O-O 14. Ne2 Rc8 15. a3
Nc6 16. Nf4 Na5 17. Bc2 Qc7 18. Bd3 Qb6 19. Nh5 Nc6 20. Be3 Rfe8 21. h4 b4 22.
Nxg7 Kxg7 23. h5 Nf8 24. Nh2 f5 25. exf6+ Bxf6 26. Qg4+ Kh8 27. Qf4 Nd7 28. Qh6
Re7 29. Ng4 Bxd4 30. Bg5 Rg7 31. Rxe6 Nf8 32. Rf6 Qd8 33. Rf7 Qxg5 34. Rxg7 Qxg7
35. Qf4 Ne6 36. Qd6 Qxg4 37. Re1 Re8 38. Qd7 Re7 39. Qd6 Rg7 40. Bf1 Ne5 41.
Rxe5 Bxe5 42. Qxe5 h6 43. Qb8+ Rg8 44. Qxb7 Nf4 45. Qxb4 Nh3+ 46. Kh2 Qxb4 47.
axb4 Nxf2 0-1

[Event "Online Olym Div2 D 2021"]
[Site "chess.com INT"]
[Date "2021.09.04"]
[Round "8.2"]
[Board "3"]
[White "Quevedo, Andreina"]
[Black "February, Jesse Nikki"]
[Result "0-1"]
[WhiteTitle "WFM"]
[BlackTitle "WIM"]
[WhiteElo "1867"]
[BlackElo "1857"]
[WhiteTeam "Uruguay"]
[BlackTeam "South Africa"]
[WhiteFideId "3004147"]
[BlackFideId "14312336"]
[EventDate "2021.09.02"]
[EventType "team"]

1. e4 c5 2. Nf3 Nc6 3. Bb5 a6 4. Bxc6 bxc6 5. O-O d6 6. c3 Nf6 7. Re1 g6 8. d4
cxd4 9. cxd4 Bg7 10. Nc3 O-O 11. Bf4 Rb8 12. Qc2 Nh5 13. Be3 Bg4 14. Nd2 Qb6 15.
Nb3 Qb4 16. f3 Be6 17. d5 cxd5 18. exd5 Bf5 19. Qd2 Nf6 20. g4 Bd7 21. Rab1 Rfc8
22. Bg5 h6 23. Bxh6 Bxh6 24. Qxh6 Nxg4 25. fxg4 Qxg4+ 26. Kf2 Rb4 27. Ne2 Rc2
28. Qe3 Rf4+ 29. Qf3 0-1

[Event "Online Olym Div2 D 2021"]
[Site "chess.com INT"]
[Date "2021.09.04"]
[Round "8.2"]
[Board "4"]
[White "Laubscher, Anzel"]
[Black "De Leon, Daiana"]
[Result "0-1"]
[WhiteTitle "WIM"]
[BlackTitle "WCM"]
[WhiteElo "1699"]
[BlackElo "1601"]
[WhiteTeam "South Africa"]
[BlackTeam "Uruguay"]
[WhiteFideId "14300800"]
[BlackFideId "3002527"]
[EventDate "2021.09.02"]
[EventType "team"]

1. d4 Nf6 2. c4 g6 3. Nc3 d5 4. e3 Bg7 5. Nf3 O-O 6. Be2 b6 7. O-O Bb7 8. Ne5
Nbd7 9. Nxd7 Qxd7 10. Bf3 e6 11. cxd5 Nxd5 12. Nxd5 Bxd5 13. Qe2 Qc6 14. Bxd5
Qxd5 15. Rd1 Rfd8 16. Bd2 c5 17. Bc3 Qc6 18. Rac1 cxd4 19. Bxd4 Qb7 20. Bxg7
Kxg7 21. h3 Rac8 22. Rxc8 Qxc8 23. Rxd8 Qxd8 24. Qc2 Qd5 25. a3 Kf6 26. Kf1 e5
27. Ke2 e4 28. Qc3+ Ke6 29. Qc8+ Kf6 30. Qc3+ Kf5 31. Qc8+ Kg5 32. Qc3 f5 33.
Qd2 Qxd2+ 34. Kxd2 f4 35. exf4+ Kxf4 36. a4 h5 37. b4 a6 38. b5 axb5 39. axb5 g5
40. g3+ Kf3 41. Ke1 Kg2 42. h4 gxh4 43. gxh4 Kh3 44. Ke2 Kxh4 45. Ke3 Kg4 46.
Kxe4 h4 47. f4 h3 48. f5 h2 49. f6 h1=Q+ 0-1

[Event "Online Olym Div2 D 2021"]
[Site "chess.com INT"]
[Date "2021.09.04"]
[Round "8.2"]
[Board "5"]
[White "Vazquez, Facundo"]
[Black "Khumalo, Keith"]
[Result "1/2-1/2"]
[WhiteTitle "CM"]
[BlackTitle "CM"]
[WhiteElo "2190"]
[BlackElo "2108"]
[WhiteTeam "Uruguay"]
[BlackTeam "South Africa"]
[WhiteFideId "3007669"]
[BlackFideId "14319470"]
[EventDate "2021.09.02"]
[EventType "team"]

1. d4 d5 2. c4 e6 3. Nc3 a6 4. cxd5 exd5 5. Nf3 Nf6 6. Bg5 Be6 7. Qc2 Nbd7 8. e3
Bd6 9. Bd3 h6 10. Bf4 Qe7 11. O-O O-O 12. h3 c5 13. dxc5 Nxc5 14. Rad1 Rac8 15.
Qb1 Rfd8 16. Nd4 b5 17. Nf5 Bxf5 18. Bxf5 Ne6 19. Nxd5 Nxd5 20. Rxd5 Bxf4 21.
Bxe6 Rxd5 22. Bxd5 Bb8 23. Qf5 Rd8 24. Rd1 Bc7 25. g3 Rd6 26. Bb3 g6 27. Qc8+
Kg7 28. Rxd6 Qxd6 29. Qe8 Qf6 30. Kg2 Ba5 1/2-1/2

[Event "Online Olym Div2 D 2021"]
[Site "chess.com INT"]
[Date "2021.09.04"]
[Round "8.2"]
[Board "6"]
[White "Marais, Nina"]
[Black "Roepke, Sofia"]
[Result "0-1"]
[WhiteTitle "WCM"]
[WhiteElo "1697"]
[BlackElo "1589"]
[WhiteTeam "South Africa"]
[BlackTeam "Uruguay"]
[WhiteFideId "14306883"]
[BlackFideId "3006360"]
[EventDate "2021.09.02"]
[EventType "team"]

1. d4 d5 2. c4 e6 3. cxd5 exd5 4. Nc3 Nf6 5. Bg5 Be7 6. Qc2 Nbd7 7. e3 c6 8. Nf3
O-O 9. Bd3 Re8 10. O-O Nf8 11. Rab1 Ng6 12. b4 a6 13. a4 Bd6 14. b5 axb5 15.
axb5 h6 16. Bxf6 Qxf6 17. bxc6 bxc6 18. Ne2 Bg4 19. Nd2 Nh4 20. Ng3 Ra3 21. Rfc1
Rc8 22. Ndf1 Nxg2 23. Bf5 Bf3 24. Bxc8 Nh4 25. Qxc6 Bh1 26. Qe8+ Kh7 27. Bh3 Ra2
28. f4 Bxf4 29. exf4 Qxd4+ 30. Qe3 Nf3+ 31. Kxh1 Qxe3 32. Bg2 Qg1# 0-1

[Event "Online Olym Div2 D 2021"]
[Site "chess.com INT"]
[Date "2021.09.04"]
[Round "8.3"]
[Board "1"]
[White "Lenic, Luka"]
[Black "Ouaret, Abdelouhab"]
[Result "1/2-1/2"]
[WhiteTitle "GM"]
[BlackTitle "IM"]
[WhiteElo "2627"]
[BlackElo "2085"]
[WhiteTeam "Slovenia"]
[BlackTeam "Algeria"]
[WhiteFideId "14603853"]
[BlackFideId "7903944"]
[EventDate "2021.09.02"]
[EventType "team"]

1. d4 d5 2. c4 c6 3. Nf3 Nf6 4. Nc3 e6 5. Bg5 Nbd7 6. e3 Qa5 7. Nd2 Bb4 8. Rc1
O-O 9. Bxf6 Nxf6 10. a3 Bxc3 11. Rxc3 Qc7 12. Qc2 e5 13. dxe5 Qxe5 14. Bd3 Qg5
15. Kf1 Re8 16. Nf3 Qh5 17. cxd5 Nxd5 18. Rc5 b6 19. Rc4 Ba6 20. Rd4 Bxd3+ 21.
Qxd3 Nf6 22. Ke2 c5 23. Rh4 Qg6 24. Qxg6 hxg6 25. Nd2 Rad8 26. Rc1 Rd7 27. Rc2
Red8 28. Rhc4 Kf8 29. f3 Ke7 30. e4 Ne8 31. a4 Nd6 32. R4c3 f6 33. Nf1 g5 34.
Ne3 Nf7 35. Nd5+ Ke6 36. b4 cxb4 37. Rc6+ Rd6 38. Rc7 R8d7 39. Rc8 Ne5 40. Nxb4
Nd3 41. Nxd3 Rxd3 42. R8c4 Ra3 43. Kf2 Kf7 44. Kg3 Kg6 45. Kg4 Ra1 46. h4 gxh4
47. Kxh4 Kh6 48. Kg4 Kg6 49. f4 Rd3 50. Re2 Raa3 51. f5+ Kh7 52. Kf4 g5+ 53.
fxg6+ Kxg6 54. Rf2 Rd6 55. e5 fxe5+ 56. Kxe5 Rad3 57. Rg4+ Kh5 58. Re4 R3d5+ 59.
Kf4 Rf6+ 60. Ke3 Rxf2 61. Kxf2 Rd3 62. Re7 a5 63. Re6 Ra3 64. Rxb6 Rxa4 1/2-1/2

[Event "Online Olym Div2 D 2021"]
[Site "chess.com INT"]
[Date "2021.09.04"]
[Round "8.3"]
[Board "2"]
[White "Boulrens, Ala Eddine"]
[Black "Borisek, Jure"]
[Result "0-1"]
[BlackTitle "GM"]
[WhiteElo "2016"]
[BlackElo "2591"]
[WhiteTeam "Algeria"]
[BlackTeam "Slovenia"]
[WhiteFideId "7907559"]
[BlackFideId "14603152"]
[EventDate "2021.09.02"]
[EventType "team"]

1. e4 e5 2. Nf3 Nc6 3. Bc4 Bc5 4. d3 Nf6 5. Nc3 d6 6. h3 h6 7. Be3 Bb6 8. Bxb6
axb6 9. d4 O-O 10. O-O Re8 11. dxe5 Nxe5 12. Nxe5 dxe5 13. Qe2 c6 14. a4 Qe7 15.
Rfd1 Nd7 16. Rd3 b5 17. Bb3 Nc5 18. Rg3 Be6 19. Bxe6 Nxe6 20. Qh5 Qf6 21. Ne2
Rxa4 22. Rxa4 bxa4 23. Rf3 Qg6 24. Qxe5 f6 25. Qd6 Ng5 26. Rg3 Nxe4 27. Rxg6
Nxd6 28. Nc3 b5 29. Rg4 c5 30. Kf1 Kf7 31. Rg3 Ne4 32. Nxe4 Rxe4 33. Rd3 Ke7 34.
Rd5 Rc4 35. c3 a3 36. bxa3 Rxc3 37. Ke2 Ke6 38. Rh5 Kd6 39. a4 b4 40. Rh4 Ra3
41. Rg4 g5 42. Rg3 Rxg3 43. fxg3 c4 44. Ke3 Kc5 45. Kd2 Kb6 0-1

[Event "Online Olym Div2 D 2021"]
[Site "chess.com INT"]
[Date "2021.09.04"]
[Round "8.3"]
[Board "3"]
[White "Janzelj, Lara"]
[Black "Abdi, Zineb Dina"]
[Result "1/2-1/2"]
[WhiteTitle "WIM"]
[BlackTitle "WIM"]
[WhiteElo "2186"]
[BlackElo "1926"]
[WhiteTeam "Slovenia"]
[BlackTeam "Algeria"]
[WhiteFideId "14608391"]
[BlackFideId "7900880"]
[EventDate "2021.09.02"]
[EventType "team"]

1. c4 e5 2. g3 Nf6 3. Bg2 d5 4. cxd5 Nxd5 5. Nc3 Nb6 6. Nf3 Nc6 7. O-O Be7 8.
Rb1 O-O 9. b4 f6 10. Qb3+ Kh8 11. a3 Bg4 12. Qa2 Nd4 13. Nxd4 exd4 14. h3 Bh5
15. Nd1 Bxe2 16. Re1 Bc4 17. Qc2 c6 18. Be4 f5 19. Bg2 Bd5 20. Nb2 f4 21. g4
Bxg2 22. Kxg2 f3+ 23. Kg1 Qd6 24. Nc4 Nxc4 25. Qxc4 Bh4 26. Qf1 Rae8 27. Bb2 Re2
28. Rxe2 fxe2 29. Qxe2 Bxf2+ 30. Kh1 Qd5+ 31. Kh2 Qd6+ 32. Kh1 Qd5+ 33. Kh2 Bh4
34. Rf1 Qd6+ 35. Kh1 Qd5+ 36. Kh2 Qd6+ 37. Kh1 Qd5+ 38. Kh2 1/2-1/2

[Event "Online Olym Div2 D 2021"]
[Site "chess.com INT"]
[Date "2021.09.04"]
[Round "8.3"]
[Board "4"]
[White "Nassr, Manel"]
[Black "Vidic, Teja"]
[Result "1/2-1/2"]
[WhiteTitle "WCM"]
[BlackTitle "WIM"]
[WhiteElo "1578"]
[BlackElo "2172"]
[WhiteTeam "Algeria"]
[BlackTeam "Slovenia"]
[WhiteFideId "7911696"]
[BlackFideId "14605511"]
[EventDate "2021.09.02"]
[EventType "team"]

1. d4 d5 2. Nf3 Nf6 3. e3 e6 4. Bd3 c5 5. b3 Nc6 6. Bb2 b6 7. O-O Be7 8. Nbd2
O-O 9. c4 Bb7 10. Rc1 Rc8 11. Ne5 Nxe5 12. dxe5 Ne4 13. Nxe4 dxe4 14. Be2 Qc7
15. Qc2 Rfd8 16. Rfd1 a5 17. Rxd8+ Rxd8 18. Rd1 Bc6 19. a4 Rd7 20. Rxd7 Qxd7 21.
Qd1 Qc7 22. Qb1 g6 23. g3 h5 24. Qd1 h4 25. Bf1 Kg7 26. Bg2 Qd8 27. Qc2 Qd7 28.
Bc3 Bd8 29. Bb2 hxg3 30. hxg3 Bc7 31. Bc3 Qd8 32. Bb2 Bb8 33. Bc3 Bc7 34. Bb2
Qd7 35. Bc3 Bd8 36. Bb2 Bg5 37. Bc3 Qb7 38. Bb2 Be7 39. Bc3 Kf8 40. Bb2 Ke8 41.
Qd2 Qd7 42. Qc2 Qb7 43. Qd2 Kf8 44. Qc2 Qd7 45. Bc3 Ke8 46. Bb2 Qb7 1/2-1/2

[Event "Online Olym Div2 D 2021"]
[Site "chess.com INT"]
[Date "2021.09.04"]
[Round "8.3"]
[Board "5"]
[White "Tisaj, Domen"]
[Black "Brahami, Lamine"]
[Result "1-0"]
[WhiteTitle "FM"]
[BlackTitle "FM"]
[WhiteElo "2357"]
[BlackElo "2194"]
[WhiteTeam "Slovenia"]
[BlackTeam "Algeria"]
[WhiteFideId "14628708"]
[BlackFideId "7905637"]
[EventDate "2021.09.02"]
[EventType "team"]

1. d4 Nf6 2. c4 g6 3. g3 Bg7 4. Bg2 O-O 5. Nc3 d6 6. Nf3 Nbd7 7. O-O e5 8. e4 c6
9. h3 Re8 10. Re1 h6 11. d5 c5 12. a3 a6 13. b4 b6 14. Rb1 Rb8 15. Be3 Qc7 16.
Nd2 Nf8 17. Bf1 N6d7 18. Qc2 Nh7 19. Nb3 Rf8 20. Bd3 Ng5 21. Kg2 Nf6 22. Rh1
Bxh3+ 23. Rxh3 Nxh3 24. Kxh3 Qd7+ 25. Kg2 Ng4 26. Bd2 h5 27. f3 Nf6 28. bxc5
bxc5 29. Na5 Rxb1 30. Qxb1 Nh7 31. Qb7 Qd8 32. Nc6 Qf6 33. Qe7 Qxe7 34. Nxe7+
Kh8 35. Na4 Rb8 36. Bc2 Bf6 37. Nc6 Rb7 38. f4 exf4 39. Bxf4 Bb2 40. Bxd6 Bxa3
41. Nxc5 Bxc5 42. Bxc5 Rb2 43. Bd4+ 1-0

[Event "Online Olym Div2 D 2021"]
[Site "chess.com INT"]
[Date "2021.09.04"]
[Round "8.3"]
[Board "6"]
[White "Boubendir, Nesrine"]
[Black "Urh, Zala"]
[Result "0-1"]
[BlackTitle "WIM"]
[WhiteElo "1620"]
[BlackElo "2234"]
[WhiteTeam "Algeria"]
[BlackTeam "Slovenia"]
[WhiteFideId "7904991"]
[BlackFideId "14611481"]
[EventDate "2021.09.02"]
[EventType "team"]

1. e4 c5 2. Nf3 Nc6 3. d4 cxd4 4. Nxd4 Nf6 5. Nc3 e5 6. Ndb5 d6 7. Bg5 a6 8. Na3
b5 9. Nd5 Be7 10. Bxf6 Bxf6 11. c3 Ne7 12. Nc2 Nxd5 13. Qxd5 Ra7 14. Rd1 Rd7 15.
Ne3 Bb7 16. Qd3 O-O 17. Nd5 Bxd5 18. Qxd5 Qb6 19. Be2 Rfd8 20. O-O Rc7 21. Bf3
Rc5 22. Qd3 a5 23. a3 g6 24. g3 b4 25. axb4 axb4 26. c4 Ra5 27. b3 Ra3 28. h4
Qc5 29. Rd2 Be7 30. Rb1 Rda8 31. Qd5 Qb6 32. Qb5 Rb8 33. Qxb6 Rxb6 34. Be2 Rc6
35. Kg2 Bd8 36. Rbb2 Bb6 37. Ra2 Rxb3 38. Rd3 Rxd3 39. Bxd3 Bd4 40. Ra8+ Kg7 41.
Rb8 Bc5 42. Ra8 Rb6 43. Ra1 b3 44. Kf3 Bd4 45. Rb1 b2 46. Ke2 Kf6 47. f3 Ke6 48.
g4 Kd7 49. Kd2 Kc6 50. Ke2 Kc5 51. Kd2 Ra6 52. Kc2 Ra1 53. Be2 Kb4 54. Bd3 Ka3
55. Be2 Ka2 56. Rxb2+ Bxb2 57. c5 Rc1+ 0-1

[Event "Online Olym Div2 D 2021"]
[Site "chess.com INT"]
[Date "2021.09.04"]
[Round "8.4"]
[Board "1"]
[White "Silva, David"]
[Black "Flores, Diego"]
[Result "0-1"]
[WhiteTitle "IM"]
[BlackTitle "GM"]
[WhiteElo "2312"]
[BlackElo "2599"]
[WhiteTeam "Angola"]
[BlackTeam "Argentina"]
[WhiteFideId "10101314"]
[BlackFideId "108049"]
[EventDate "2021.09.02"]
[EventType "team"]

1. e4 d5 2. exd5 Qxd5 3. Nc3 Qa5 4. d4 Nf6 5. Nf3 c6 6. Ne5 Be6 7. a3 g6 8. Bc4
Bxc4 9. Nxc4 Qd8 10. O-O Bg7 11. Be3 O-O 12. Qf3 Nd5 13. Nxd5 cxd5 14. Ne5 e6
15. c3 Nd7 16. Nd3 Rc8 17. Bf4 Nb6 18. Rad1 Nc4 19. Bc1 Qf6 20. Qe2 b6 21. g3
Qe7 22. h4 h5 23. Bg5 Qd7 24. Rfe1 Rfe8 25. Ne5 Qc7 26. Nxc4 Qxc4 27. Qf3 b5 28.
Bf6 a5 29. Re3 b4 30. axb4 axb4 31. Rde1 Qb3 32. R1e2 Ra8 33. Bxg7 Kxg7 34. Kh2
bxc3 35. bxc3 Ra1 36. Re1 Rxe1 37. Rxe1 Ra8 38. Qe3 Ra2 39. Qe5+ Kg8 40. Qf6 Qc2
41. Rxe6 Qxf2+ 42. Qxf2 Rxf2+ 43. Kg1 Rf3 44. Re8+ Kg7 45. Kg2 Rxc3 46. Re5 Kf6
47. Rxd5 Ke6 48. Re5+ Kd6 49. g4 hxg4 50. Rg5 f5 51. Rxg6+ Kd5 52. h5 Rh3 53.
Rg5 Ke4 54. d5 Kf4 55. Rg8 Rxh5 56. d6 Rh7 57. Re8 Ra7 58. Re1 Ra2+ 59. Kh1 Rd2 0-1

[Event "Online Olym Div2 D 2021"]
[Site "chess.com INT"]
[Date "2021.09.04"]
[Round "8.4"]
[Board "2"]
[White "Peralta, Fernando"]
[Black "Miguel, Sergio"]
[Result "1-0"]
[WhiteTitle "GM"]
[BlackTitle "FM"]
[WhiteElo "2570"]
[BlackElo "2297"]
[WhiteTeam "Argentina"]
[BlackTeam "Angola"]
[WhiteFideId "105309"]
[BlackFideId "10100792"]
[EventDate "2021.09.02"]
[EventType "team"]

1. d4 Nf6 2. c4 e6 3. Nc3 Bb4 4. e3 O-O 5. Bd3 d5 6. cxd5 exd5 7. Ne2 c5 8. O-O
c4 9. Bc2 a6 10. f3 Nc6 11. a3 Ba5 12. h3 Bb6 13. Kh1 Re8 14. Qe1 Qd6 15. Qf2 h6
16. Bd2 Bd7 17. Rad1 Rad8 18. Bc1 Bc8 19. Nf4 Ba7 20. g4 b5 21. Rg1 g5 22. Nfe2
b4 23. axb4 Nxb4 24. Bb1 Bb7 25. Ng3 Qf8 26. h4 Re6 27. Nf5 Bb8 28. f4 Ne4 29.
Bxe4 dxe4 30. hxg5 hxg5 31. fxg5 Rg6 32. Qh4 Nd3 33. Rdf1 Rd7 34. Nh6+ Kg7 35.
Rf6 Qd8 36. Rgf1 Qe8 37. Rxf7+ Rxf7 38. Rxf7+ Qxf7 39. Nxf7 Kxf7 40. Qh7+ Rg7
41. g6+ Kf6 42. g5+ Kxg5 43. Qxg7 Kg4 44. Qxb7 1-0

[Event "Online Olym Div2 D 2021"]
[Site "chess.com INT"]
[Date "2021.09.04"]
[Round "8.4"]
[Board "3"]
[White "Junior, Ednasia"]
[Black "Lujan, Carolina"]
[Result "0-1"]
[WhiteTitle "WFM"]
[BlackTitle "IM"]
[WhiteElo "1867"]
[BlackElo "2340"]
[WhiteTeam "Angola"]
[BlackTeam "Argentina"]
[WhiteFideId "10105980"]
[BlackFideId "109878"]
[EventDate "2021.09.02"]
[EventType "team"]

1. c4 Nf6 2. Nc3 c5 3. g3 Nc6 4. Bg2 g6 5. Nf3 Bg7 6. d4 cxd4 7. Nxd4 O-O 8. O-O
a6 9. h3 Qc7 10. b3 d6 11. Be3 Qa5 12. Nxc6 bxc6 13. Qd2 Qc7 14. Rac1 Rb8 15.
Rfd1 Bf5 16. Bh6 Rfe8 17. Bxg7 Kxg7 18. e4 Be6 19. f4 Bc8 20. Kh2 c5 21. Re1 Nd7
22. Nd5 Qd8 23. Rcd1 Bb7 24. Nc3 Nb6 25. Re3 Qc7 26. Nd5 Bxd5 27. exd5 Ra8 28.
Rde1 a5 29. Qe2 Ra7 30. g4 a4 31. f5 axb3 32. axb3 Rb8 33. Rxe7 Qxe7 34. Qxe7
Rxe7 35. Rxe7 Kf6 36. Rc7 gxf5 37. gxf5 Nc8 38. Be4 Ne7 39. Rd7 Rxb3 40. Rxd6+
Ke5 41. Rd7 Nc8 42. Bg2 Nd6 43. Rc7 Nxc4 44. Rxc5 Ne3 45. Rc3 Rxc3 0-1